|
|
|
|
| LEADER |
00000cam a2200000 a 4500 |
| 001 |
M-4 |
| 005 |
20230308192853.0 |
| 008 |
993020|1949 ||||||||r|||||||||||spa|| |
| 040 |
|
|
|b spa
|
| 041 |
1 |
|
|a spa-Inglés
|
| 100 |
1 |
|
|a Hidalgo A., Olmedo
|9 139097
|
| 245 |
|
|
|a El Contrato de compraventa
|c Olmedo Hidalgo A.
|h dact
|
| 264 |
|
|
|a Cuenca
|c 1949
|
| 300 |
|
|
|a 64 páginas:
|c 27 cm
|
| 502 |
|
|
|a Abogado de los Tribunales de Justicia de la República y Licenciado en Ciencias Políticas y Sociales
|b Universidad de Cuenca
|c jur
|e DERECHO
|
| 650 |
1 |
|
|a Contratos mercantiles
|9 41601
|
| 650 |
1 |
|
|a Compraventa mercantil
|9 41602
|
| 650 |
|
4 |
|a Derecho mercantil
|9 13240
|
| 852 |
|
|
|a UC-CDJBV
|c CUARTO PISO (SECCION TESIS)
|f Donación
|k teresa.torres
|l 1
|m Limitada
|p 19930209
|t M-4
|b 1
|d CDRC
|e CDRC
|g CUARTO PISO (SECCION TESIS)
|z 1993-30-20
|
| 942 |
|
|
|c TS
|
| 999 |
|
|
|c 81011
|d 81011
|